00496pam a2200181 a 4500008004100000020002200041100002700063245004000090250001800130260004000148300003300188500002000221650002500241653002100266003000100287005001700288040000900305  a0853801673 (pbk.)1 aBohlman, Kenneth John.10aDigital techniques /cK.J. Bohlman. a2nd rev. ed. aBrookland :bDickson Price,cc1992. aix, 269 p. :bill. ;c24 cm. aIncludes index. 0aDigital electronics.0 aDigital circuits20230123133642.0 cNUST